| 000 | 00436pab a2200181 454500 | ||
|---|---|---|---|
| 008 | 180718b2010 xxu||||| |||| 00| 0 eng d | ||
| 100 | _aSalunke, Sanjay | ||
| 245 | _aMadia Gond: a primitive tribe of Bhamragad | ||
| 260 | _c2010 | ||
| 300 | _ap.15-21. | ||
| 362 | _aMar | ||
| 650 | _aTribes | ||
| 700 | _aGunjal, Sangram V. | ||
| 700 | _aDhanvade, Suresh | ||
| 773 | _aTribal Research Bulletin | ||
| 908 | _aN | ||
| 909 | _a87671 | ||
| 999 |
_c87671 _d87671 |
||